000
00332 a2200109 4500
001
ART_9691
005
20260410161838.0
008
260409a
245
1
0
_a
El valor imponible de la exportación
100
1
_a
Fratalocchi, Aldo
773
0
_t
Contabilidad y administración
_g
- Año 6, Nº 62 (ago. 1982)
_w
REV5485
999
_c
23811
_d
23811